|
|
|
|
| LEADER |
00000nam a22000007a 4500 |
| 005 |
20200521152451.0 |
| 007 |
cr|||| |||| |
| 008 |
200521s2020 es |||||s|||| 00||0 spa d |
| 020 |
|
|
|a 978-84-1324-609-3
|
| 035 |
|
|
|a 31389
|
| 040 |
|
|
|a vLex
|
| 090 |
|
|
|c 10362
|d 10362
|
| 100 |
1 |
|
|a Rodrg̕uez Cachn̤, Teresa
|
| 245 |
1 |
0 |
|a Relaciones contractuales de la cadena alimentaria
|h [Recurso electrn̤ico] :
|b Estudio desde el anl̀isis econm̤ico del Derecho /
|c Teresa Rodrg̕uez Cachn̤
|
| 256 |
|
|
|a Servicio en ln̕ea
|
| 260 |
|
|
|a Madrid:
|b Dykinson,
|c 2020
|
| 300 |
|
|
|a 1 recurso electrn̤ico
|
| 506 |
1 |
|
|a Disponible solo en los productos indicados
|d vLex Global
|d vLex Global (Academic Edition, excluding Law Schools)
|d vLex Global (U.S. Academic Edition, Law Schools)
|d vLex Global (U.S. Academic Edition, excluding Law Schools)
|d vLex Global (Academic Edition, Law Schools)
|
| 650 |
0 |
4 |
|a Derecho Civil
|z Espaą
|
| 650 |
0 |
4 |
|a Economa̕ y negocios
|z Espaą
|
| 740 |
0 |
|
|a vLex Libros (Servicio en ln̕ea)
|
| 856 |
4 |
0 |
|u http://vlex.com/source/relaciones-contractuales-cadena-alimentaria-estudio-analisis-economico-derecho-31389
|z Acceso restringido
|
| 942 |
|
|
|c BOOK
|
| 999 |
0 |
|
|a Civil Law
|
| 999 |
0 |
|
|a Economy and business
|